<?xml version="1.0" encoding="UTF-8"?>
<collection xmlns="http://www.loc.gov/MARC21/slim">
 <record>
  <leader>00775cam a2200193 7i4500</leader>
  <controlfield tag="001">0000002824</controlfield>
  <controlfield tag="005">20020411090000.0</controlfield>
  <datafield tag="035" ind1="0" ind2="0">
   <subfield code="a">0030-76160</subfield>
  </datafield>
  <datafield tag="090" ind1="0" ind2="0">
   <subfield code="a">QC 990 </subfield>
   <subfield code="b">M32W5528</subfield>
  </datafield>
  <datafield tag="100" ind1="0" ind2="0">
   <subfield code="a">Sham Sani. </subfield>
  </datafield>
  <datafield tag="245" ind1="1" ind2="4">
   <subfield code="a">The climate of Kuala Lumpur-Petaling Jaya area Malaysia : </subfield>
   <subfield code="b">a study of the impact of urbanization on local climate within the humid tropics  </subfield>
   <subfield code="c">Sham Sani.</subfield>
  </datafield>
  <datafield tag="260" ind1="0" ind2="0">
   <subfield code="a">Bangi: </subfield>
   <subfield code="b">UKM Press, </subfield>
   <subfield code="c">1980.</subfield>
  </datafield>
  <datafield tag="300" ind1="#" ind2="#">
   <subfield code="a">309p.: </subfield>
   <subfield code="b">ill.; </subfield>
   <subfield code="c">22cm.</subfield>
  </datafield>
  <datafield tag="490" ind1="0" ind2="0">
   <subfield code="a">Monograf; </subfield>
   <subfield code="v">1</subfield>
  </datafield>
  <datafield tag="650" ind1="0" ind2="0">
   <subfield code="a">Urban climatolog -- </subfield>
   <subfield code="z">Selango -- </subfield>
   <subfield code="z">Petaling Jaya. </subfield>
  </datafield>
  <datafield tag="650" ind1="0" ind2="0">
   <subfield code="a">Urban climatolog -- </subfield>
   <subfield code="z">Wilayah Persekutuan. </subfield>
  </datafield>
  <datafield tag="830" ind1="0" ind2="0">
   <subfield code="a">Monogra Universiti Kebangsaan Malaysia. Jabatan Geografi;</subfield>
  </datafield>
  <datafield tag="999" ind1=" " ind2=" ">
   <subfield code="a">1000392358</subfield>
   <subfield code="b">Book</subfield>
   <subfield code="c">Open Shelf</subfield>
   <subfield code="e">KOLEKSI TERBUKA</subfield>
  </datafield>
  <datafield tag="999" ind1=" " ind2=" ">
   <subfield code="a">1000392357</subfield>
   <subfield code="b">Book</subfield>
   <subfield code="c">Open Shelf</subfield>
   <subfield code="e">KOLEKSI TERBUKA</subfield>
  </datafield>
 </record>
</collection>
